Orte Österreichs mit städtischem Flair - Statistiken

Allgemein
  • Dieses Quiz wurde 94 mal gespielt
    81 seit der letzten Aktualisierung
  • Das Durchschnittsergebnis liegt bei 7 aus 75
Antwortstatistiken
Anfangsbuchstabe Einwohner Ort/Gemeinde Bundesland % Korrekt
L 23.309 Lustenau Vorarlberg
67%
T 16.046 Telfs Tirol
58%
J 7.230 Jenbach Tirol
42%
R 6.918 Reutte Tirol
42%
P 14.996 Perchtoldsdorf Niederösterreich
31%
R 11.928 Rankweil Vorarlberg
31%
Z 1.716 Zell am Ziller Tirol
31%
S 9.547 St. Johann in Tirol Tirol
28%
Z 8.110 Zirl Tirol
28%
T 5.741 Tamsweg Salzburg
22%
V 9.025 Velden am Wörthersee Kärnten
22%
W 8.010 Wattens Tirol
22%
H 754 Hallstatt Oberösterreich
14%
S 2.372 St. Anton am Arlberg Tirol
14%
F 7.657 Fohnsdorf Steiermark
13%
M 3.937 Mayrhofen Tirol
13%
P 5.930 Pöllau Steiermark
13%
S 3.493 Schwarzach im Pongau Salzburg
13%
S 3.462 Seefeld in Tirol Tirol
13%
G 3.910 Gols Burgenland
11%
E 7.677 Ebensee am Traunsee Oberösterreich
9%
K 6.697 Kremsmünster Oberösterreich
9%
S/H 2.859 Saalbach-Hinterglemm Salzburg
9%
S 9.375 Sierning Oberösterreich
9%
S 2.661 Stegersbach Burgenland
9%
S 2.802 St. Wolfgang im Salzkammergut Oberösterreich
9%
E 6.391 Eibiswald Steiermark
8%
S 8.749 Stainz Steiermark
8%
A 5.886 Abtenau Salzburg
6%
A 4.974 Admont Steiermark
6%
A/S 3.241 Aigen-Schlägl Oberösterreich
6%
B 7.560 Bad Goisern am Hallstätter See Oberösterreich
6%
B 6.865 Bad Hofgastein Salzburg
6%
G 3.476 Gars am Kamp Niederösterreich
6%
G 3.085 Gröbming Steiermark
6%
O 1.188 Oberdrauburg Kärnten
6%
F 2.778 Forchtenstein Burgenland
5%
G 3.428 Griffen Kärnten
5%
H 7.443 Himberg Niederösterreich
5%
N 4.891 Neumarkt in Steiermark Steiermark
5%
V 7.524 Vorchdorf Oberösterreich
5%
W 5.493 Wildon Steiermark
5%
A 5.211 Andorf Oberösterreich
3%
B 4.210 Bad Schallerbach Oberösterreich
3%
E 2.272 Eisenkappel Kärnten
3%
F 4.462 Fulpmes Tirol
3%
L 2.870 Lavamünd Kärnten
3%
L 2.059 Lofer Salzburg
3%
M 932 Matrei am Brenner Tirol
3%
M 2.203 Mörbisch am See Burgenland
3%
S 3.896 Schruns Vorarlberg
3%
S 3.646 Steinach am Brenner Tirol
3%
S 3.960 St. Gilgen Salzburg
3%
W 4.143 Weyer Oberösterreich
3%
B 4.958 Birkfeld Steiermark
2%
G 1.986 Gresten Niederösterreich
2%
H 2.564 Haslach an der Mühl Oberösterreich
2%
L 3.605 Lambach Oberösterreich
2%
M 4.651 Matrei in Osttirol Tirol
2%
O 1.617 Obernberg am Inn Oberösterreich
2%
O 4.738 Ottensheim Oberösterreich
2%
P 1.871 Prutz Tirol
2%
S 5.321 Schwertberg Oberösterreich
2%
S 1.569 Spitz Niederösterreich
2%
A 2.167 Aschach an der Donau Oberösterreich
0%
A 1.779 Aspang Niederösterreich
0%
G 4.011 Gaweinstal Niederösterreich
0%
K 3.710 Kirchberg am Wagram Niederösterreich
0%
M 1.691 Marbach an der Donau Niederösterreich
0%
M 3.832 Mondsee Oberösterreich
0%
N 1.209 Neufelden Oberösterreich
0%
O 2.171 Obervellach Kärnten
0%
O 995 Ottenschlag Niederösterreich
0%
P 2.592 Pfunds Tirol
0%
W 2.392 Windischgarsten Oberösterreich
0%
Keine übereinstimmenden Quizze gefunden
Verteilung der Resultate
Anzahl Personen mit jedem Resultat
Perzentil nach korrekt beantworteten Fragen
Ihre Resultats-Entwicklung
Sie haben dieses Quiz seit der letzten Aktualisierung nicht gespielt